| 000 -CABECERA |
| Longitud fija campo de control |
00514nam a2200181 a 4500 |
| 001 - NÚMERO DE CONTROL |
| Número de control |
4990 |
| 003 - IDENTIFICADOR DEL NÚMERO DE CONTROL |
| Identificador del número de control |
CDMR |
| 005 - FECHA Y HORA DE LA ÚLTIMA TRANSACCIÓN |
| Fecha y hora de la última transacción |
20141230124552.0 |
| 008 - CÓDIGOS DE INFORMACIÓN DE LONGITUD FIJA |
| Códigos de información de longitud fija |
130130s1978||||||||||||||||||||||||||||d |
| 020 ## - NÚMERO INTERNACIONAL NORMALIZADO PARA LIBROS |
| Número Internacional Normalizado para Libros (ISBN) |
8428507252 |
| 040 ## - FUENTE DE LA CATALOGACIÓN |
| Centro catalogador de origen |
CDMR |
| Lengua de catalogación |
cat |
| Centro transcriptor |
CDMR |
| 245 #3 - MENCIÓN DE TÍTULO |
| Título |
La Iglesia ante los medios de comunicación social |
| Resto del título |
: ponencias de la XXIX Asamblea Episcopal Española |
| 260 ## - PUBLICACIÓN, DISTRIBUCIÓN, ETC. (PIE DE IMPRENTA) |
| Lugar de publicación, distribución, etc. |
Madrid |
| Fecha de publicación, distribución, etc. |
1978 |
| Nombre del editor, distribuidor, etc. |
Paulinas |
| 300 ## - DESCRIPCIÓN FÍSICA |
| Extensión |
287 p. |
| 490 0# - MENCIÓN DE SERIE |
| Mención de serie |
Teología y Pastoral |
| 610 2# - PUNTO DE ACCESO ADICIONAL DE MATERIA - NOMBRE DE ENTIDAD CORPORATIVA |
| 9 (RLIN) |
3200 |
| Nombre de entidad corporativa o nombre de jurisdicción como elemento inicial |
Església Catòlica |
| 942 ## - ENTRADA DE ELEMENTOS AGREGADOS (KOHA) |
| Koha [por defecto] tipo de item |
Monografies |
| Fuente de clasificaión o esquema |
|